Logo BPK

Biblioteka

Politechniki Koszalińskiej

Werkzeugmaschinen. (Rekord nr 21881)

Szczegóły MARC
000 -ETYKIETA REKORDU
podpole kontrolne o stałej długości 00324nam a2200133 i 4500
001 - NUMER KONTROLNY REKORDU
pole kontrolne bg
040 ## - ŹRÓDŁO KATALOGOWANIA
Instytucja, która utworzyła rekord BPK
041 ## - KOD JĘZYKA
Kod języka tekstu pol
008 - POLE O STAŁEJ DŁUGOŚCI - DANE KONTROLNE
podpole kontrolne o stałej długości s pl f |000 0 pol
100 1# - NAZWA OSOBOWA
Nazwa osobowa WECK, M.
245 10 - TYTUŁ/ODPOWIEDZIALNOŚĆ
Tytuł Werkzeugmaschinen.
Oznaczenie części/sekcji dzieła Bd. 1,
Tytuł części/sekcji dzieła Maschinenarten, Bauformen /
Pozostałe elementy strefy tytułu i oznaczenia odpowiedzialności M. Weck.
260 ## - STREFA ADRESU WYDAWNICZEGO
Miejsce wydania Dusseldorf,
Data publikacji, dystrybucji/powstania dokumentu 1980.
856 ## - LOKALIZACJA I DOSTĘP DO ELEKTRONICZNYCH DOKUMENTÓW ZDALNYCH
Link (URL) http://koha.tu.koszalin.pl/cgi-bin/koha/opac-detail.pl?biblionumber=21881
Tekst linku Katalog online BPK
942 ## - DODATKOWE ELEMENTY (KOHA)
Typ dokumentu Książka
Egzemplarze
Wycofany Status egzemplarza Uszkodzony Dostępność Lokalizacja stała Lokalizacja bieżąca Miejsce przechowywania Sygnatura Kod kreskowy Typ dokumentu
      Dostępny Biblioteka Politechniki Koszalińskiej Biblioteka Politechniki Koszalińskiej Wypożyczalnia BG 30751 01574302 Książka
© 2023 Biblioteka Politechniki Koszalińskiej :: KOHA